| 000 | 00448nam a22001697a 4500 | ||
|---|---|---|---|
| 003 | NUST - PNEC | ||
| 005 | 20170116180957.0 | ||
| 008 | 150912b xxu||||| |||| 00| 0 eng d | ||
| 020 | _a- | ||
| 040 | _cLIBRARY | ||
| 082 | _a621.37 GUP | ||
| 100 |
_99302 _aGupta, J.B. |
||
| 245 |
_aA course in electrical measuremants and maesuring instruments _cJ. B. Gupta |
||
| 260 | _cc.1969 | ||
| 650 |
_99300 _aElectrical enginering _xEE |
||
| 942 |
_2ddc _cBK |
||
| 999 |
_c66573 _d66573 |
||